00382nam a2200181Ia 4500003000900000008004100009040001300050040001300063041000800076100001700084245003600101250000900137260001900146260000900165300001000174300001000184490000600194IT-RoPAU120407s9999 xx 000 0 und d aIT-RoPAU cIT-RoPAU aita aNatale Bussi aConcetto dinamico della Chiesa. aAlba aEd. Domenicane c1961 a80 p. c19 cm v1